[Event "RSA-ch U12"]
[Site "Bloemfontein"]
[Date "2016.03.26"]
[Round "11"]
[White "Eaton, Dante"]
[Black "Posholi, Kamohelo"]
[Result "1/2-1/2"]
[WhiteElo "1267"]
[BlackElo "1279"]
[PlyCount "50"]
[EventDate "2016.03.20"]
[EventType "swiss"]
[EventRounds "11"]
[EventCountry "RSA"]
[SourceTitle "CBM 171 Extra"]
[Source "ChessBase"]
[SourceDate "2016.04.26"]
[SourceVersion "1"]
[SourceVersionDate "2016.04.26"]
[SourceQuality "1"]

1. e4 c5 2. Nf3 d6 3. Bb5+ Bd7 4. Bxd7+ Nxd7 5. 0-0 Ngf6 6. Re1 g6 7. c3 Bg7 8. d4 cxd4 9. cxd4 Qc7 10. Nc3 0-0 11. Bf4 e5 12. dxe5 dxe5 13. Be3 Ng4 14. Qe2 Nxe3 15. Qxe3 Qc5 16. Qxc5 Nxc5 17. Red1 Rad8 18. Kf1 a6 19. Ke2 b5 20. b4 Ne6 21. Rac1 Rfe8 22. Rxd8 Rxd8 23. Nd5 f5 24. exf5 Nf4+ 25. Nxf4 exf4 1/2-1/2

[Event "RSA-ch U12"]
[Site "Bloemfontein"]
[Date "2016.03.23"]
[Round "7"]
[White "Smuts, Heinrich"]
[Black "Posholi, Kamohelo"]
[Result "0-1"]
[WhiteElo "1248"]
[BlackElo "1279"]
[PlyCount "57"]
[EventDate "2016.03.20"]
[EventType "swiss"]
[EventRounds "11"]
[EventCountry "RSA"]
[SourceTitle "CBM 171 Extra"]
[Source "ChessBase"]
[SourceDate "2016.04.26"]
[SourceVersion "1"]
[SourceVersionDate "2016.04.26"]
[SourceQuality "1"]

1. e4 c5 2. Nf3 d6 3. d4 cxd4 4. Nxd4 Nf6 5. Nc3 e5 6. Nde2 Be7 7. g3 Bg4 8. Bg2 Nc6 9. h3 Be6 10. 0-0 Qd7 11. Nd5 0-0 12. a4 Rfd8 13. Be3 Bxh3 14. Nec3 Bxg2 15. Kxg2 Nxd5 16. Nxd5 Bf8 17. Rh1 Ne7 18. Nxe7+ Qxe7 19. Rh3 Qe6 20. Qe2 d5 21. Rah1 h6 22. g4 f6 23. exd5 Qxd5+ 24. f3 a6 25. Ra1 Rac8 26. Rhh1 Bc5 27. Rhd1 Qc6 28. Bxc5 Qxc5 29. c3 0-1

[Event "RSA-ch U12"]
[Site "Waterkloof"]
[Date "2015.04.06"]
[Round "4"]
[White "Posholi, Kamohelo"]
[Black "Malan, Jacques"]
[Result "0-1"]
[WhiteElo "1189"]
[BlackElo "1431"]
[PlyCount "118"]
[EventDate "2015.04.04"]
[EventType "swiss"]
[EventRounds "9"]
[EventCountry "RSA"]
[SourceTitle "CBM 166 Extra"]
[Source "ChessBase"]
[SourceDate "2015.06.18"]
[SourceVersion "1"]
[SourceVersionDate "2015.06.18"]
[SourceQuality "1"]

1. e4 c5 2. Nf3 e6 3. Nc3 Nc6 4. d3 a6 5. a3 b5 6. b3 Qc7 7. Na2 Nf6 8. h3 Be7 9. Bb2 0-0 10. Be2 d5 11. e5 Nd7 12. d4 cxd4 13. Rc1 Ndxe5 14. Nxd4 Nxd4 15. Qxd4 Bf6 16. Qd2 Nf3+ 17. Bxf3 Bxb2 18. Rb1 Bf6 19. 0-0 Bb7 20. c3 Rac8 21. Rbc1 Rfd8 22. Qe3 Qe7 23. b4 Bg5 24. Qe2 Bxc1 25. Rxc1 h6 26. Re1 Qc7 27. Rd1 Qc4 28. Qc2 Ba8 29. Be2 Qc6 30. Bf3 Qc7 31. Be2 d4 32. Rc1 dxc3 33. Qxc3 Qxc3 34. Rxc3 Rxc3 35. Nxc3 Rc8 36. Nd1 Rc2 37. Bg4 g6 38. Ne3 Rc3 39. Bd1 Rxa3 40. g3 Ra1 41. Kf1 Bf3 42. Ke1 Bxd1 43. Nxd1 Rb1 44. h4 Rxb4 45. Kd2 a5 46. Kc3 f5 47. f4 Re4 48. Kd3 a4 49. Nc3 Rb4 50. Kc2 Rb3 51. Kd2 Rb2+ 52. Kc1 a3 53. Nd1 Rg2 54. Nc3 b4 55. Nd1 b3 56. Nc3 a2 57. h5 a1Q+ 58. Nb1 b2+ 59. Kd1 Qxb1# 0-1